[Event "Bundesliga 9596"]
[Site "Deutschland"]
[Date "1996.??.??"]
[Round "?.2"]
[White "Smejkal, Jan"]
[Black "King, Daniel J"]
[Result "0-1"]
[WhiteElo "2510"]
[BlackElo "2510"]
[PlyCount "46"]
[EventDate "1995.10.??"]
[EventType "team"]
[EventRounds "15"]
[EventCountry "GER"]
[SourceTitle "Bundesliga 9596"]
[Source "DeepChess"]
[SourceDate "2005.01.01"]
[SourceVersion "1"]
[SourceVersionDate "2005.01.01"]
[SourceQuality "1"]
[WhiteTeam "SK Passau 1869"]
[BlackTeam "SV Castrop Rauxel 1923"]
[WhiteTeamCountry "GER"]
[BlackTeamCountry "GER"]

1. c4 e6 2. Nf3 Nf6 3. Nc3 d5 4. d4 Be7 5. g3 dxc4 6. Bg2 O-O 7. Ne5 Nc6 8.
Bxc6 bxc6 9. Nxc6 Qe8 10. Nxe7+ Qxe7 11. Qa4 c5 12. Qxc4 cxd4 13. Qxd4 Rb8 14.
O-O e5 15. Qh4 Qe6 16. e4 h6 17. Re1 Rd8 18. b3 Bb7 19. f3 Rd3 20. Na4 Rxf3 21.
Kg2 Nxe4 22. Kxf3 g5 23. Qxe4 Qf5+ 0-1

[Event "Bundesliga 9596"]
[Site "Deutschland"]
[Date "1996.??.??"]
[Round "?.3"]
[White "Hoffmann, Michael"]
[Black "Schlosser, Philipp"]
[Result "1-0"]
[WhiteElo "2460"]
[BlackElo "2540"]
[PlyCount "63"]
[EventDate "1995.10.??"]
[EventType "team"]
[EventRounds "15"]
[EventCountry "GER"]
[SourceTitle "Bundesliga 9596"]
[Source "DeepChess"]
[SourceDate "2005.01.01"]
[SourceVersion "1"]
[SourceVersionDate "2005.01.01"]
[SourceQuality "1"]
[WhiteTeam "SV Castrop Rauxel 1923"]
[BlackTeam "SK Passau 1869"]
[WhiteTeamCountry "GER"]
[BlackTeamCountry "GER"]

1. e4 c5 2. Nf3 e6 3. d4 cxd4 4. Nxd4 a6 5. Bd3 Nf6 6. O-O Qc7 7. Qe2 d6 8. c4
g6 9. Nc3 Bg7 10. Rd1 O-O 11. Nf3 b6 12. Bf4 Ng4 13. Qd2 Ne5 14. Be2 Nxf3+ 15.
Bxf3 Be5 16. Bh6 Rd8 17. Bg5 Rd7 18. Rac1 Bb7 19. Nd5 exd5 20. cxd5 Nc6 21.
dxc6 Bxc6 22. Bg4 Qb7 23. Bxd7 Bxd7 24. f3 Be6 25. b3 a5 26. Bf4 Bxf4 27. Qxf4
a4 28. Rxd6 axb3 29. axb3 Bxb3 30. Qe3 Rc8 31. Rxc8+ Qxc8 32. Qd4 1-0

[Event "Bundesliga 9596"]
[Site "Deutschland"]
[Date "1996.??.??"]
[Round "?.4"]
[White "Schmidt, Peter"]
[Black "Libeau, Rene"]
[Result "1/2-1/2"]
[WhiteElo "2405"]
[BlackElo "2460"]
[PlyCount "74"]
[EventDate "1995.10.??"]
[EventType "team"]
[EventRounds "15"]
[EventCountry "GER"]
[SourceTitle "Bundesliga 9596"]
[Source "DeepChess"]
[SourceDate "2005.01.01"]
[SourceVersion "1"]
[SourceVersionDate "2005.01.01"]
[SourceQuality "1"]
[WhiteTeam "SK Passau 1869"]
[BlackTeam "SV Castrop Rauxel 1923"]
[WhiteTeamCountry "GER"]
[BlackTeamCountry "GER"]

1. d4 e6 2. Nf3 Nf6 3. g3 b5 4. Bg2 Bb7 5. O-O c5 6. Na3 a6 7. c4 b4 8. Nc2
cxd4 9. Ncxd4 Be7 10. Bf4 O-O 11. Rc1 d6 12. Nb3 a5 13. c5 dxc5 14. Qxd8 Rxd8
15. Nxc5 Bd5 16. Ne5 Bxg2 17. Kxg2 Nd5 18. Nb7 Rf8 19. e4 Nxf4+ 20. gxf4 Ra7
21. Nc5 Rd8 22. Na4 g6 23. Nb6 Bf6 24. Rfd1 Rxd1 25. Rxd1 Rc7 26. Nbc4 Bxe5 27.
Nxe5 Kg7 28. b3 f6 29. Nc4 a4 30. Rd6 axb3 31. axb3 Kf7 32. Rb6 Nc6 33. Nd6+
Kf8 34. Nb5 Rc8 35. Nd6 Rc7 36. Nb5 Rc8 37. Nd6 Rc7 1/2-1/2

[Event "Bundesliga 9596"]
[Site "Deutschland"]
[Date "1996.??.??"]
[Round "?.5"]
[White "Appel, Ralf"]
[Black "Pichler, Juergen"]
[Result "1-0"]
[WhiteElo "2450"]
[BlackElo "2420"]
[PlyCount "51"]
[EventDate "1995.10.??"]
[EventType "team"]
[EventRounds "15"]
[EventCountry "GER"]
[SourceTitle "Bundesliga 9596"]
[Source "DeepChess"]
[SourceDate "2005.01.01"]
[SourceVersion "1"]
[SourceVersionDate "2005.01.01"]
[SourceQuality "1"]
[WhiteTeam "SV Castrop Rauxel 1923"]
[BlackTeam "SK Passau 1869"]
[WhiteTeamCountry "GER"]
[BlackTeamCountry "GER"]

1. Nf3 c5 2. g3 Nc6 3. Bg2 g6 4. O-O Bg7 5. c4 e5 6. Nc3 Nge7 7. Ne1 d6 8. Nc2
O-O 9. Ne3 Be6 10. Ned5 Qd7 11. Qa4 f5 12. d3 f4 13. Nxe7+ Qxe7 14. Bxc6 bxc6
15. Qxc6 Bh3 16. Rd1 Rad8 17. Bd2 Rf7 18. Ne4 Bc8 19. Ba5 Qd7 20. Qxd7 Rdxd7
21. b4 f3 22. exf3 cxb4 23. Bxb4 Bf8 24. Bd2 Rxf3 25. Bf4 exf4 26. Kg2 1-0

[Event "Bundesliga 9596"]
[Site "Deutschland"]
[Date "1996.??.??"]
[Round "?.6"]
[White "Baumhus, Reinhard"]
[Black "Sehner, Norbert"]
[Result "0-1"]
[WhiteElo "2360"]
[BlackElo "2420"]
[PlyCount "93"]
[EventDate "1995.10.??"]
[EventType "team"]
[EventRounds "15"]
[EventCountry "GER"]
[SourceTitle "Bundesliga 9596"]
[Source "DeepChess"]
[SourceDate "2005.01.01"]
[SourceVersion "1"]
[SourceVersionDate "2005.01.01"]
[SourceQuality "1"]
[WhiteTeam "SK Passau 1869"]
[BlackTeam "SV Castrop Rauxel 1923"]
[WhiteTeamCountry "GER"]
[BlackTeamCountry "GER"]

1. e4 c5 2. Nc3 Nc6 3. g3 g6 4. Bg2 Bg7 5. d3 d6 6. Nge2 e6 7. O-O Nge7 8. Be3
Nd4 9. Rb1 O-O 10. Qd2 b6 11. b4 Bb7 12. f4 Qd7 13. bxc5 dxc5 14. e5 Bxg2 15.
Kxg2 Nef5 16. Bf2 f6 17. exf6 Bxf6 18. Ne4 Qc6 19. c3 Nxe2 20. Qxe2 Bxc3 21.
Qf3 Qd7 22. Nxc3 Rad8 23. Rbd1 e5 24. Ne4 exf4 25. Qxf4 Qc6 26. Kh3 Nd4 27. Qc1
Ne6 28. Qc3 Rf3 29. Bg1 Qxe4 30. dxe4 Rxc3 31. Rxd8+ Nxd8 32. Kg4 Nf7 33. h4
h5+ 34. Kf4 Kg7 35. Rd1 Kf6 36. Bf2 Ke6 37. Rd5 Rc2 38. Be1 Rxa2 39. Bc3 Ra3
40. Bg7 Rb3 41. g4 hxg4 42. Kxg4 Rb1 43. Rd2 Ne5+ 44. Kg3 Rg1+ 45. Kf2 Rg4 46.
Rd8 Rxe4 47. Re8+ 0-1

[Event "Bundesliga 9596"]
[Site "Deutschland"]
[Date "1996.??.??"]
[Round "?.7"]
[White "Dinstuhl, Volkmar"]
[Black "Schlingensiepen, Christian"]
[Result "1-0"]
[WhiteElo "2355"]
[BlackElo "2305"]
[PlyCount "33"]
[EventDate "1995.10.??"]
[EventType "team"]
[EventRounds "15"]
[EventCountry "GER"]
[SourceTitle "Bundesliga 9596"]
[Source "DeepChess"]
[SourceDate "2005.01.01"]
[SourceVersion "1"]
[SourceVersionDate "2005.01.01"]
[SourceQuality "1"]
[WhiteTeam "SV Castrop Rauxel 1923"]
[BlackTeam "SK Passau 1869"]
[WhiteTeamCountry "GER"]
[BlackTeamCountry "GER"]

1. c4 Nf6 2. Nc3 e6 3. e4 d5 4. e5 d4 5. exf6 dxc3 6. bxc3 Qxf6 7. d4 c5 8. Nf3
h6 9. Bd3 Nc6 10. O-O Bd6 11. Rb1 O-O 12. Qe2 Rd8 13. Be3 Rb8 14. Be4 cxd4 15.
cxd4 Ne7 16. Ne5 b6 17. Ng4 1-0

[Event "Bundesliga 9596"]
[Site "Deutschland"]
[Date "1996.??.??"]
[Round "?.8"]
[White "Linhart, Wolfgang"]
[Black "Hennig, Dirk"]
[Result "0-1"]
[WhiteElo "2165"]
[BlackElo "2355"]
[PlyCount "78"]
[EventDate "1995.10.??"]
[EventType "team"]
[EventRounds "15"]
[EventCountry "GER"]
[SourceTitle "Bundesliga 9596"]
[Source "DeepChess"]
[SourceDate "2005.01.01"]
[SourceVersion "1"]
[SourceVersionDate "2005.01.01"]
[SourceQuality "1"]
[WhiteTeam "SK Passau 1869"]
[BlackTeam "SV Castrop Rauxel 1923"]
[WhiteTeamCountry "GER"]
[BlackTeamCountry "GER"]

1. d4 c5 2. c3 g6 3. Nf3 Bg7 4. e4 cxd4 5. cxd4 d5 6. Bb5+ Bd7 7. Bxd7+ Qxd7 8.
e5 e6 9. O-O Ne7 10. Nc3 O-O 11. Bg5 h6 12. Bf4 Nbc6 13. Qd2 g5 14. Be3 f5 15.
exf6 Rxf6 16. Ne2 Ng6 17. Ng3 Rxf3 18. gxf3 Nh4 19. Kh1 Qf7 20. Qe2 Nxf3 21.
Rad1 Rf8 22. Kg2 h5 23. Bxg5 h4 24. Be3 Qg6 25. Qd3 Rf5 26. Kh1 hxg3 27. fxg3
Nfxd4 28. Rf4 e5 29. Rxf5 Qxf5 30. Bxd4 Qxd3 31. Rxd3 Nxd4 32. Ra3 Nc6 33. Rb3
Nd8 34. Rb5 d4 35. Kg2 Kf7 36. Kf3 Ke6 37. h4 b6 38. g4 Nf7 39. Rb3 Nd6 $138
0-1

[Event "Bundesliga 9596"]
[Site "Deutschland"]
[Date "1995.??.??"]
[Round "?.1"]
[White "Ribli, Zoltan"]
[Black "Shirov, Alexei"]
[Result "1/2-1/2"]
[WhiteElo "2590"]
[BlackElo "2695"]
[PlyCount "53"]
[EventDate "1995.10.??"]
[EventType "team"]
[EventRounds "15"]
[EventCountry "GER"]
[SourceTitle "Bundesliga 9596"]
[Source "DeepChess"]
[SourceDate "2005.01.01"]
[SourceVersion "1"]
[SourceVersionDate "2005.01.01"]
[SourceQuality "1"]
[WhiteTeam "SK Passau 1869"]
[BlackTeam "SV Empor Berlin e.V."]
[WhiteTeamCountry "GER"]
[BlackTeamCountry "GER"]

1. d4 Nf6 2. Nf3 g6 3. g3 Bg7 4. Bg2 O-O 5. O-O d6 6. b3 c5 7. c4 Nc6 8. Bb2
Bg4 9. d5 Na5 10. Nc3 a6 11. Nd2 Qd7 12. Qc2 b5 13. Rfe1 Bh3 14. Bh1 Rab8 15.
Rab1 e5 16. e3 h5 17. Ba1 b4 18. Nd1 Nb7 19. f3 Qe7 20. Nf2 Bd7 21. Bb2 Nh7 22.
Bg2 f5 23. f4 Rbe8 24. Nf3 e4 25. Nh4 Kf7 26. Bxg7 Kxg7 27. a3 1/2-1/2

[Event "Bundesliga 9596"]
[Site "Deutschland"]
[Date "1995.??.??"]
[Round "?.2"]
[White "Lobron, Eric"]
[Black "Smejkal, Jan"]
[Result "1-0"]
[WhiteElo "2595"]
[BlackElo "2520"]
[PlyCount "101"]
[EventDate "1995.10.??"]
[EventType "team"]
[EventRounds "15"]
[EventCountry "GER"]
[SourceTitle "Bundesliga 9596"]
[Source "DeepChess"]
[SourceDate "2005.01.01"]
[SourceVersion "1"]
[SourceVersionDate "2005.01.01"]
[SourceQuality "1"]
[WhiteTeam "SV Empor Berlin e.V."]
[BlackTeam "SK Passau 1869"]
[WhiteTeamCountry "GER"]
[BlackTeamCountry "GER"]

1. Nf3 Nf6 2. c4 c5 3. Nc3 d5 4. cxd5 Nxd5 5. g3 Nc6 6. Bg2 Nc7 7. O-O e5 8. a3
f6 9. e3 Be7 10. d4 cxd4 11. exd4 exd4 12. Ne2 Ne6 13. b4 d3 14. Nf4 Nxf4 15.
Bxf4 O-O 16. b5 Ne5 17. Qb3+ Kh8 18. Rad1 Bg4 19. Bxe5 fxe5 20. Rxd3 Qc7 21.
Rc3 Qd6 22. Re3 e4 23. Rxe4 Bxf3 24. Bxf3 Qxa3 25. Qxa3 Bxa3 26. Kg2 a6 27. Re5
axb5 28. Rxb5 Rab8 29. Bxb7 Rf7 30. Rfb1 g6 31. h4 Kg7 32. f3 Rc7 33. Be4 Rxb5
34. Rxb5 Be7 35. Rb6 Rd7 36. Kh3 Bf6 37. g4 Be7 38. g5 Bd6 39. Kg4 Bc7 40. Rc6
Rf7 41. h5 gxh5+ 42. Kxh5 Rd7 43. Bf5 Re7 44. Be6 Bf4 45. Kg4 Bd2 46. Kf5 Ra7
47. Bd5 Ra5 48. Rc7+ Kf8 49. Rf7+ Ke8 50. Rxh7 Rxd5+ 51. Ke6 1-0

[Event "Bundesliga 9596"]
[Site "Deutschland"]
[Date "1995.??.??"]
[Round "?.3"]
[White "Schlosser, Philipp"]
[Black "Luther, Thomas"]
[Result "1/2-1/2"]
[WhiteElo "2500"]
[BlackElo "2550"]
[PlyCount "39"]
[EventDate "1995.10.??"]
[EventType "team"]
[EventRounds "15"]
[EventCountry "GER"]
[SourceTitle "Bundesliga 9596"]
[Source "DeepChess"]
[SourceDate "2005.01.01"]
[SourceVersion "1"]
[SourceVersionDate "2005.01.01"]
[SourceQuality "1"]
[WhiteTeam "SK Passau 1869"]
[BlackTeam "SV Empor Berlin e.V."]
[WhiteTeamCountry "GER"]
[BlackTeamCountry "GER"]

1. c4 e6 2. Nf3 d5 3. d4 Nf6 4. Nc3 c5 5. e3 cxd4 6. exd4 Bb4 7. Bd3 dxc4 8.
Bxc4 O-O 9. O-O Nbd7 10. Bg5 b6 11. Bd3 Bb7 12. Re1 Rc8 13. Rc1 Re8 14. Bb5 a6
15. Bxd7 Qxd7 16. Ne5 Qd8 17. Qd3 h6 18. Bxf6 Qxf6 19. a3 Qg5 20. Nf3 1/2-1/2

[Event "Bundesliga 9596"]
[Site "Deutschland"]
[Date "1995.??.??"]
[Round "?.4"]
[White "Boensch, Uwe"]
[Black "Pichler, Juergen"]
[Result "1-0"]
[WhiteElo "2560"]
[BlackElo "2420"]
[PlyCount "82"]
[EventDate "1995.10.??"]
[EventType "team"]
[EventRounds "15"]
[EventCountry "GER"]
[SourceTitle "Bundesliga 9596"]
[Source "DeepChess"]
[SourceDate "2005.01.01"]
[SourceVersion "1"]
[SourceVersionDate "2005.01.01"]
[SourceQuality "1"]
[WhiteTeam "SV Empor Berlin e.V."]
[BlackTeam "SK Passau 1869"]
[WhiteTeamCountry "GER"]
[BlackTeamCountry "GER"]

1. d4 Nf6 2. c4 e6 3. Nf3 b6 4. g3 Ba6 5. Qa4 Bb7 6. Bg2 c5 7. dxc5 Bxc5 8. O-O
O-O 9. Nc3 Be7 10. Bf4 Na6 11. Rac1 Qc8 12. Nb5 Ne4 13. Qd1 d6 14. Ne1 Rd8 15.
a3 Nc7 16. Nd3 Nxb5 17. cxb5 Qd7 18. Nb4 Rdc8 19. Nc6 f5 20. f3 Nf6 21. Nxe7+
Qxe7 22. Qxd6 Qxd6 23. Bxd6 Bd5 24. Bc7 a6 25. bxa6 Rxa6 26. Rfe1 b5 27. e4
fxe4 28. fxe4 Ba8 29. Bf1 Rc6 30. Rxc6 Bxc6 31. Be5 Rd8 32. Bxf6 gxf6 33. Kf2
Rd4 34. Bg2 b4 35. axb4 Rxb4 36. Re2 e5 37. Ke1 Bb5 38. Rd2 Bc6 39. Re2 Bb5 40.
Rf2 Kf7 41. Rd2 Bc6 1-0

[Event "Bundesliga 9596"]
[Site "Deutschland"]
[Date "1995.??.??"]
[Round "?.5"]
[White "Baumhus, Reinhard"]
[Black "Tischbierek, Raj"]
[Result "0-1"]
[WhiteElo "2360"]
[BlackElo "2495"]
[PlyCount "126"]
[EventDate "1995.10.??"]
[EventType "team"]
[EventRounds "15"]
[EventCountry "GER"]
[SourceTitle "Bundesliga 9596"]
[Source "DeepChess"]
[SourceDate "2005.01.01"]
[SourceVersion "1"]
[SourceVersionDate "2005.01.01"]
[SourceQuality "1"]
[WhiteTeam "SK Passau 1869"]
[BlackTeam "SV Empor Berlin e.V."]
[WhiteTeamCountry "GER"]
[BlackTeamCountry "GER"]

1. e4 c5 2. Nc3 Nc6 3. g3 g6 4. Bg2 Bg7 5. d3 d6 6. Be3 Nd4 7. Qd2 Qa5 8. h3 e5
9. f4 Ne7 10. Nf3 Nxf3+ 11. Bxf3 Be6 12. Bg2 exf4 13. gxf4 Qb4 14. Rb1 Bxc3 15.
Qxc3 Qxc3+ 16. bxc3 O-O-O 17. O-O b6 18. a4 f5 19. a5 Kc7 20. axb6+ axb6 21.
Ra1 Nc8 22. e5 dxe5 23. fxe5 Bd5 24. Bg5 Rd7 25. e6 Bxe6 26. c4 h6 27. Bf4+ Kd8
28. Ra8 Ke7 29. Rfa1 g5 30. Be5 Rg8 31. Bc6 f4 32. Bxd7 Bxd7 33. Kh2 Bc6 34.
Rb8 Re8 35. Re1 Kd7 36. Kg1 h5 37. Kf2 Rf8 38. Rg1 Rf5 39. d4 cxd4 40. Bxd4 Kc7
41. Rxc8+ Kxc8 42. Bxb6 Kd7 43. Bd4 Be4 44. Bg7 Rc5 45. Bh6 Rxc4 46. Re1 Ke6
47. Bxg5 Kf5 48. h4 Rxc2+ 49. Re2 Rc1 50. Re1 Rc3 51. Re2 Rh3 52. Rd2 Kg4 53.
Rd4 Rf3+ 54. Ke2 Bc6 55. Rb4 Kg3 56. Rb6 Re3+ 57. Kd2 Re6 58. Rb8 f3 59. Be3
Be8 60. Rb4 Kg2 61. Rf4 Ra6 62. Rf8 Ra2+ 63. Kc3 Bd7 0-1

[Event "Bundesliga 9596"]
[Site "Deutschland"]
[Date "1995.??.??"]
[Round "?.7"]
[White "Schlingensiepen, Christian"]
[Black "Muse, Mladen"]
[Result "0-1"]
[WhiteElo "2295"]
[BlackElo "2445"]
[PlyCount "82"]
[EventDate "1995.10.??"]
[EventType "team"]
[EventRounds "15"]
[EventCountry "GER"]
[SourceTitle "Bundesliga 9596"]
[Source "DeepChess"]
[SourceDate "2005.01.01"]
[SourceVersion "1"]
[SourceVersionDate "2005.01.01"]
[SourceQuality "1"]
[WhiteTeam "SK Passau 1869"]
[BlackTeam "SV Empor Berlin e.V."]
[WhiteTeamCountry "GER"]
[BlackTeamCountry "GER"]

1. e4 Nc6 2. Nf3 d6 3. Nc3 Bg4 4. d4 Nf6 5. Be3 e6 6. Be2 Be7 7. O-O O-O 8. d5
exd5 9. exd5 Bxf3 10. Bxf3 Ne5 11. Be2 Re8 12. f4 Ned7 13. Bf3 Nb6 14. Qd3 Qd7
15. Rad1 c6 16. Rfe1 Rac8 17. dxc6 bxc6 18. a4 d5 19. b3 Ng4 20. Bd4 c5 21. h3
Nh6 22. Bf2 d4 23. a5 Na8 24. Nd5 Nc7 25. Nxe7+ Rxe7 26. c3 Rxe1+ 27. Rxe1 Nb5
28. cxd4 Nxd4 29. Bxd4 cxd4 30. Re5 g6 31. Rd5 Qe7 32. Qe4 Qh4 33. Rxd4 Nf5 34.
Rd1 h5 35. Qb7 Re8 36. Qxa7 Re1+ 37. Rxe1 Qxe1+ 38. Kh2 Ne3 39. Qa8+ Kg7 40.
Qa6 Nf1+ 41. Kg1 Ng3+ 0-1

[Event "Bundesliga 9596"]
[Site "Deutschland"]
[Date "1995.??.??"]
[Round "?.8"]
[White "Poldauf, Dirk"]
[Black "Linhart, Wolfgang"]
[Result "1-0"]
[WhiteElo "2415"]
[BlackElo "2165"]
[PlyCount "93"]
[EventDate "1995.10.??"]
[EventType "team"]
[EventRounds "15"]
[EventCountry "GER"]
[SourceTitle "Bundesliga 9596"]
[Source "DeepChess"]
[SourceDate "2005.01.01"]
[SourceVersion "1"]
[SourceVersionDate "2005.01.01"]
[SourceQuality "1"]
[WhiteTeam "SV Empor Berlin e.V."]
[BlackTeam "SK Passau 1869"]
[WhiteTeamCountry "GER"]
[BlackTeamCountry "GER"]

1. c4 e5 2. Nc3 Nf6 3. Nf3 Nc6 4. g3 Nd4 5. Bg2 Nxf3+ 6. Bxf3 Bb4 7. Qb3 a5 8.
O-O O-O 9. Na4 Be7 10. Rd1 d6 11. d4 e4 12. Bg2 Re8 13. Nc3 Bf5 14. Qxb7 Rb8
15. Qa6 Qd7 16. d5 Ra8 17. Qb5 Qc8 18. Qa4 Bf8 19. Bf4 h6 20. Rac1 Bh3 21. Bh1
Qf5 22. Qc2 g5 23. Be3 Qg6 24. Bd4 Bg7 25. Bxf6 Bxf6 26. Bxe4 Qg7 27. Bf3 Bd7
28. e3 Rab8 29. b3 Be5 30. Ne2 Rf8 31. Qd2 Rbe8 32. c5 f5 33. cxd6 Bxd6 34. Kh1
Kh8 35. Rg1 Bb4 36. Qd4 Bd6 37. Qxg7+ Kxg7 38. Nd4 Kf6 39. Rc4 Rb8 40. Rgc1 Rb4
41. Kg2 Ke5 42. Rxc7 Bxc7 43. Rxc7 Kd6 44. Ra7 a4 45. Ra6+ Ke5 46. Rxh6 axb3
47. Nc6+ 1-0

[Event "Bundesliga 9596"]
[Site "Deutschland"]
[Date "1996.??.??"]
[Round "?.1"]
[White "Horvath, Tamas"]
[Black "Ribli, Zoltan"]
[Result "1/2-1/2"]
[WhiteElo "2410"]
[BlackElo "2590"]
[PlyCount "38"]
[EventDate "1995.10.??"]
[EventType "team"]
[EventRounds "15"]
[EventCountry "GER"]
[SourceTitle "Bundesliga 9596"]
[Source "DeepChess"]
[SourceDate "2005.01.01"]
[SourceVersion "1"]
[SourceVersionDate "2005.01.01"]
[SourceQuality "1"]
[WhiteTeam "SV Tuebingen 1870 e.V."]
[BlackTeam "SK Passau 1869"]
[WhiteTeamCountry "GER"]
[BlackTeamCountry "GER"]

1. e4 c5 2. Nf3 e6 3. d4 cxd4 4. Nxd4 Nc6 5. Nb5 d6 6. Bf4 e5 7. Be3 Be6 8. Nd2
Nf6 9. Bg5 Be7 10. Bxf6 Bxf6 11. Nc4 O-O 12. Qxd6 Qc8 13. c3 Bxc4 14. Bxc4 Qg4
15. O-O Rad8 16. Qc5 Qxe4 17. Rfe1 Be7 18. Rxe4 Bxc5 19. b4 Bb6 1/2-1/2

[Event "Bundesliga 9596"]
[Site "Deutschland"]
[Date "1996.??.??"]
[Round "?.2"]
[White "Smejkal, Jan"]
[Black "Palkovi, Jozsef"]
[Result "1-0"]
[WhiteElo "2510"]
[BlackElo "2480"]
[PlyCount "77"]
[EventDate "1995.10.??"]
[EventType "team"]
[EventRounds "15"]
[EventCountry "GER"]
[SourceTitle "Bundesliga 9596"]
[Source "DeepChess"]
[SourceDate "2005.01.01"]
[SourceVersion "1"]
[SourceVersionDate "2005.01.01"]
[SourceQuality "1"]
[WhiteTeam "SK Passau 1869"]
[BlackTeam "SV Tuebingen 1870 e.V."]
[WhiteTeamCountry "GER"]
[BlackTeamCountry "GER"]

1. Nf3 c5 2. c4 Nf6 3. Nc3 Nc6 4. g3 d5 5. d4 cxd4 6. Nxd4 dxc4 7. Nxc6 Qxd1+
8. Nxd1 bxc6 9. Bg2 Nd5 10. Ne3 e6 11. Nxc4 Ba6 12. b3 Bb4+ 13. Bd2 Bxd2+ 14.
Nxd2 Ke7 15. Rc1 Rhc8 16. Ne4 Rab8 17. Nc5 Rb6 18. f4 Bb7 19. Kf2 Ba8 20. Rhd1
Rc7 21. Rd2 Nf6 22. Bf3 Nd7 23. Nd3 Bb7 24. Rdc2 Kd6 25. e4 f6 26. Nc5 Nxc5 27.
Rxc5 Rf7 28. e5+ fxe5 29. fxe5+ Kc7 30. Ke3 a6 31. Be2 Bc8 32. Bc4 Bd7 33. Rd1
Rb8 34. Rf1 Rxf1 35. Bxf1 Kb6 36. b4 Rf8 37. Bd3 h6 38. a3 Ra8 39. Be4 1-0

[Event "Bundesliga 9596"]
[Site "Deutschland"]
[Date "1996.??.??"]
[Round "?.3"]
[White "Kraut, Rainer"]
[Black "Schlosser, Philipp"]
[Result "0-1"]
[WhiteElo "2445"]
[BlackElo "2540"]
[PlyCount "120"]
[EventDate "1995.10.??"]
[EventType "team"]
[EventRounds "15"]
[EventCountry "GER"]
[SourceTitle "Bundesliga 9596"]
[Source "DeepChess"]
[SourceDate "2005.01.01"]
[SourceVersion "1"]
[SourceVersionDate "2005.01.01"]
[SourceQuality "1"]
[WhiteTeam "SV Tuebingen 1870 e.V."]
[BlackTeam "SK Passau 1869"]
[WhiteTeamCountry "GER"]
[BlackTeamCountry "GER"]

1. e4 c6 2. d4 d5 3. exd5 cxd5 4. c4 Nf6 5. Nc3 e6 6. Nf3 Bb4 7. Bd3 dxc4 8.
Bxc4 Qc7 9. Qd3 O-O 10. O-O Bxc3 11. bxc3 Nbd7 12. Bg5 b6 13. Rfe1 Bb7 14. Bb3
Rac8 15. Rac1 Qd6 16. Bc2 Rfd8 17. Bh4 Qa3 18. Bb3 a5 19. Nd2 a4 20. Nc4 Qf8
21. Bxf6 Nxf6 22. Nxb6 axb3 23. Nxc8 b2 24. Rb1 Rxc8 25. Rxb2 Bd5 26. f3 Qa3
27. Reb1 Nd7 28. Rc2 h6 29. Qd2 Qa7 30. Kh1 Nb6 31. Rb4 Qc7 32. Kg1 Bc4 33.
Rcb2 Nd5 34. Rb7 Qd6 35. g3 Ba6 36. R7b3 Qc7 37. Rc2 Qc4 38. Rc1 Kh7 39. Kg2
Rc7 40. Qc2+ g6 41. Qd2 Qa4 42. Rb8 Qa5 43. Rb3 Bc4 44. Rb2 Ra7 45. Rcc2 Qd8
46. Rc1 Ra3 47. Rcc2 Kg7 48. Qe1 Qg5 49. Kg1 Qf6 50. Kg2 g5 51. h3 h5 52. Rc1
h4 53. Qe5 hxg3 54. Qxf6+ Kxf6 55. Kxg3 Nxc3 56. Rcc2 Nd1 57. Rb4 Bd5 58. Kh2
Rxf3 59. Rd2 Ne3 60. Re2 Nf5 0-1

[Event "Bundesliga 9596"]
[Site "Deutschland"]
[Date "1996.??.??"]
[Round "?.4"]
[White "Schmidt, Peter"]
[Black "Zeller, Frank"]
[Result "0-1"]
[WhiteElo "2405"]
[BlackElo "2400"]
[PlyCount "151"]
[EventDate "1995.10.??"]
[EventType "team"]
[EventRounds "15"]
[EventCountry "GER"]
[SourceTitle "Bundesliga 9596"]
[Source "DeepChess"]
[SourceDate "2005.01.01"]
[SourceVersion "1"]
[SourceVersionDate "2005.01.01"]
[SourceQuality "1"]
[WhiteTeam "SK Passau 1869"]
[BlackTeam "SV Tuebingen 1870 e.V."]
[WhiteTeamCountry "GER"]
[BlackTeamCountry "GER"]

1. d4 Nf6 2. Nf3 c5 3. d5 b5 4. Bg5 d6 5. Bxf6 exf6 6. e4 a6 7. a4 b4 8. Bd3 g6
9. Nbd2 Bg7 10. Nc4 O-O 11. O-O a5 12. c3 Qc7 13. cxb4 axb4 14. Nfd2 Nd7 15. f4
Bb7 16. f5 Bh6 17. Rf3 Ba6 18. Rh3 Kg7 19. Qe1 Rh8 20. Nf3 Bxc4 21. Bxc4 Bf4
22. b3 h5 23. Bb5 g5 24. Bxd7 Qxd7 25. Nd2 Qe7 26. Nc4 Rac8 27. a5 Be5 28. Ra2
Bd4+ 29. Kf1 Ra8 30. Rd3 Rhe8 31. Qe2 Ra6 32. g3 g4 33. Rd1 Qxe4 34. Qxe4 Rxe4
35. Re1 Re5 36. Nxe5 fxe5 37. Re4 Kf6 38. Ke2 Kxf5 39. Kd3 c4+ 40. bxc4 Bc5 41.
Re1 Kg5 42. Kc2 f5 43. Kb3 f4 44. Ka4 Kf5 45. Kb5 Ra8 46. Rae2 Rxa5+ 47. Kxa5
f3 48. Rxe5+ dxe5 49. Kb5 Bd4 50. c5 e4 51. c6 Be5 52. Kc5 f2 53. Rc1 e3 54. d6
Ke6 55. c7 Bxd6+ 56. Kd4 Bxc7 57. Kxe3 Bb6+ 58. Ke4 b3 59. Rb1 b2 60. Kd3 Kd5
61. Ke2 Bd4 62. Kd3 Bf6 63. Rd1 Bg5 64. Rf1 Bc1 65. Kc2 Be3 66. Kd3 Bc5 67. Rb1
Bd4 68. Rf1 Kc5 69. Rb1 Bf6 70. Ke2 Kc4 71. Kxf2 Kd3 72. Rd1+ Kc2 73. Ke2 Bc3
74. Rf1 Bd2 75. Rd1 Bc1 76. Rd8 0-1

[Event "Bundesliga 9596"]
[Site "Deutschland"]
[Date "1996.??.??"]
[Round "?.6"]
[White "Goetz, Ralph"]
[Black "Von Naso, Lancelot"]
[Result "1-0"]
[WhiteElo "2335"]
[BlackElo "2095"]
[PlyCount "60"]
[EventDate "1995.10.??"]
[EventType "team"]
[EventRounds "15"]
[EventCountry "GER"]
[SourceTitle "Bundesliga 9596"]
[Source "DeepChess"]
[SourceDate "2005.01.01"]
[SourceVersion "1"]
[SourceVersionDate "2005.01.01"]
[SourceQuality "1"]
[WhiteTeam "SK Passau 1869"]
[BlackTeam "SV Tuebingen 1870 e.V."]
[WhiteTeamCountry "GER"]
[BlackTeamCountry "GER"]

1. e4 c5 2. Nf3 Nc6 3. d4 cxd4 4. Nxd4 Nf6 5. Nc3 e5 6. Ndb5 d6 7. a4 a6 8. Na3
Be6 9. Bc4 Rc8 10. Bg5 Nb4 11. b3 Be7 12. Bxf6 Bxf6 13. O-O O-O 14. Nd5 Bxd5
15. Bxd5 Qd7 16. Bc4 Rfd8 17. Qd2 d5 18. Rfd1 Qe7 19. exd5 e4 20. d6 Rxd6 21.
Qxd6 Qxd6 22. Rxd6 Bxa1 23. Rb6 Bb2 24. Rxb4 b5 25. Nxb5 axb5 26. Rxb5 Rd8 27.
Rd5 Rxd5 28. Bxd5 Bc3 29. Bxe4 g6 30. Kf1 Kg7 1-0